000 00281nam a2200109 a 4500
005 20140414132102.0
008 100702s19uu xx 00 eng d
050 _aER
_bL72 2004
245 _aThe little mermaid.
260 _aManila, Philippines :
_bLampara,
_c2004.
999 _c114481
_d114481